INTERNATIONAL BUSINESS (Record no. 41555)

000 -LEADER
fixed length control field 00304nam a2200133Ia 4500
008 - FIXED-LENGTH DATA ELEMENTS--GENERAL INFORMATION
fixed length control field 230216s9999 xx 000 0 und d
020 ## - INTERNATIONAL STANDARD BOOK NUMBER
International Standard Book Number 9788121942305
082 ## - DEWEY DECIMAL CLASSIFICATION NUMBER
Item number BHA-I
100 ## - MAIN ENTRY--PERSONAL NAME
Personal name BHALLA VK
245 #0 - TITLE STATEMENT
Title INTERNATIONAL BUSINESS
260 ## - PUBLICATION, DISTRIBUTION, ETC.
Place of publication, distribution, etc. DJ BOOK DELHI
Name of publisher, distributor, etc. S CHAND
300 ## - PHYSICAL DESCRIPTION
Extent 1114
942 ## - ADDED ENTRY ELEMENTS (KOHA)
Koha item type Book
Holdings
Withdrawn status Lost status Damaged status Not for loan Collection code Permanent Location Current Location Shelving location Date acquired Cost, normal purchase price Full call number Barcode Date last seen Price effective from Koha item type Total Checkouts Date last checked out
        School of Management Maharishi School of Business & Management (Lucknow) Maharishi School of Business & Management (Lucknow) R38S3 2023-02-16 810.00 658 6923 2023-02-16 2023-02-16 Book    
        School of Management Maharishi School of Business & Management (Lucknow) Maharishi School of Business & Management (Lucknow) R38S3 2023-02-16 810.00 658 6924 2023-02-16 2023-02-16 Book    
        School of Management Maharishi School of Business & Management (Lucknow) Maharishi School of Business & Management (Lucknow) R38S3 2023-02-16 810.00 658 6925 2023-02-16 2023-02-16 Book    
        School of Management Maharishi School of Business & Management (Lucknow) Maharishi School of Business & Management (Lucknow) R38S3 2023-02-16 810.00 658 6926 2025-05-02 2023-02-16 Book 1 2025-03-29

All Rights Reserved@MUIT

Powered by Koha